000 00488nam a22001817a 4500
005 20150331061438.0
008 120217s2012 ilu 000 0 eng
020 _a0071780483
041 0 _aeng
080 _a330.101.542
100 1 _aDodge, Fox.
245 1 0 _aMcgraw-hill's 500 college micro economics questions /
_cFox Dodge.
250 _a1st ed.
260 _aChicago, IL :
_bMcGraw-Hill,
_c2012.
300 _a244 f.:
_bme il.;
_c23 cm,
650 _aMikroekonomia
942 _2udc
_cBK
999 _c658
_d658